[Event "Bundesliga 2122"]
[Site "Germany"]
[Date "2022.05.29"]
[Round "10.8"]
[White "Watson, William N"]
[Black "Meier, Georg"]
[Result "1-0"]
[WhiteElo "2490"]
[BlackElo "2631"]
[PlyCount "59"]
[EventDate "2022.03.05"]
[EventType "team-tourn"]
[EventRounds "15"]
[EventCountry "GER"]
[SourceTitle "EXT 2023"]
[Source "ChessBase"]
[SourceDate "2022.10.05"]
[SourceVersion "1"]
[SourceVersionDate "2022.10.05"]
[SourceQuality "1"]
[WhiteTeam "Muenchen 36"]
[BlackTeam "Baden-Baden"]
[WhiteTeamCountry "GER"]
[BlackTeamCountry "GER"]

1. e4 e6 2. d4 d5 3. Nc3 dxe4 4. Nxe4 Nd7 5. Bd3 Ngf6 6. Qe2 c5 7. Bg5 cxd4 8. 0-0-0 Qa5 9. Bxf6 gxf6 10. Kb1 Be7 11. Nf3 Nb6 12. Nxd4 Bd7 13. Nb5 Kf8 14. Nbd6 Rg8 15. Qe3 f5 16. Qh6+ Rg7 17. Nf6 Bxf6 18. Qxf6 Bc6 19. Bc4 Nd7 20. Qh6 Ne5 21. Bb3 Ng4 22. Qh4 Qd8 23. Qg3 Qf6 24. Qf4 Bxg2 25. Rhe1 Bc6 26. Nxf7 Rxf7 27. Rxe6 Rd8 28. Rdd6 Qh4 29. Qd4 Rxd6 30. Qh8# 1-0

[Event "4NCL-chT rapid"]
[Site "Newport Pagnell"]
[Date "2010.10.09"]
[Round "6"]
[White "Watson, William N"]
[Black "Cobb, James"]
[Result "1-0"]
[WhiteElo "2498"]
[BlackElo "2401"]
[PlyCount "94"]
[EventDate "2010.10.09"]
[EventType "team (rapid)"]
[EventRounds "9"]
[EventCountry "ENG"]
[SourceTitle "CBM 138 Extra"]
[Source "ChessBase"]
[SourceDate "2010.10.29"]
[SourceVersion "1"]
[SourceVersionDate "2010.10.29"]
[SourceQuality "1"]

1. e4 e6 2. d4 d5 3. Nc3 Nf6 4. Bg5 dxe4 5. Nxe4 Be7 6. Bxf6 gxf6 7. Bc4 a6 8. d5 b5 9. Bb3 Bb7 10. c4 Bb4+ 11. Kf1 bxc4 12. Bxc4 Be7 13. Nc3 exd5 14. Bxd5 Bxd5 15. Qxd5 Qxd5 16. Nxd5 Bd8 17. Rc1 c6 18. Ne3 0-0 19. Nf3 Bb6 20. Nf5 Re8 21. g3 c5 22. Kg2 Nc6 23. Rhd1 Rad8 24. Nd6 Rf8 25. Nc4 Ba7 26. Nfd2 Nd4 27. Ne4 f5 28. Ned6 Rd7 29. Nxf5 Rfd8 30. Ne5 Rb7 31. b3 f6 32. Ng4 Kf7 33. Rd3 Rbd7 34. Nxd4 Rxd4 35. Rxd4 Rxd4 36. Ne3 a5 37. Rd1 a4 38. Kf3 Ke6 39. Rb1 Rd2 40. bxa4 Rxa2 41. Rb7 Rxa4 42. Rxh7 Kd6 43. Rf7 Ke6 44. Rc7 Ra2 45. h4 Kd6 46. Rf7 Ke6 47. Rb7 c4 1-0

[Event "Bundesliga 0102"]
[Site "Germany"]
[Date "2002.02.23"]
[Round "8.6"]
[White "Watson, William N"]
[Black "Joachim, Sven"]
[Result "0-1"]
[WhiteElo "2520"]
[BlackElo "2443"]
[PlyCount "110"]
[EventDate "2001.10.06"]
[EventType "team-tourn"]
[EventRounds "15"]
[EventCountry "GER"]
[SourceTitle "EXT 2003"]
[Source "ChessBase"]
[SourceDate "2002.11.25"]
[SourceVersion "1"]
[SourceVersionDate "2002.11.25"]
[SourceQuality "1"]
[WhiteTeam "Castrop Rauxel"]
[BlackTeam "Werder Bremen"]
[WhiteTeamCountry "GER"]
[BlackTeamCountry "GER"]

1. e4 c5 2. Nf3 Nc6 3. Nc3 d6 4. d4 cxd4 5. Nxd4 Nf6 6. Bg5 a6 7. Bxf6 gxf6 8. Be2 Qb6 9. Nf5 e6 10. Nxd6+ Bxd6 11. Qxd6 Qxb2 12. Kd2 Qb6 13. Rab1 Qxf2 14. Rbf1 Qh4 15. Rf4 Qg5 16. h4 Qa5 17. Rb1 Rg8 18. Rxf6 Ne5 19. g4 Rxg4 20. Rb5 axb5 21. Qxe5 b4 22. Qxa5 Rxa5 23. Bxg4 bxc3+ 24. Kxc3 Ke7 25. Rh6 Ra3+ 26. Kd4 e5+ 27. Kxe5 Bxg4 28. Rxh7 Rxa2 29. Kf4 Be6 30. h5 Rxc2 31. Rg7 Rh2 32. Rg5 Rh4+ 33. Ke3 Kf6 34. Rb5 Kg7 35. Rxb7 Rxh5 36. Kf4 Kg6 37. Rb6 Rh4+ 38. Ke5 Kg5 39. Rb8 Rh6 40. Rg8+ Rg6 41. Rh8 Bb3 42. Rh3 Re6+ 43. Kd4 Bd1 44. Rh1 Bf3 45. Re1 Rxe4+ 46. Rxe4 Bxe4 47. Kxe4 Kg4 48. Ke3 f5 49. Ke2 Kg3 50. Kf1 f4 51. Kg1 f3 52. Kh1 Kf2 53. Kh2 Ke2 54. Kg3 f2 55. Kf4 f1Q+ 0-1

[Event "Bundesliga 0001"]
[Site "Germany"]
[Date "2001.03.31"]
[Round "12.6"]
[White "Watson, William N"]
[Black "Heinemann, Thies"]
[Result "0-1"]
[WhiteElo "2527"]
[BlackElo "2468"]
[PlyCount "66"]
[EventDate "2000.10.14"]
[EventType "team-tourn"]
[EventRounds "15"]
[EventCountry "GER"]
[SourceTitle "CBM 082 Extra"]
[Source "ChessBase"]
[SourceDate "2001.07.03"]
[SourceVersion "1"]
[SourceVersionDate "2001.07.03"]
[SourceQuality "1"]
[WhiteTeam "Castrop Rauxel"]
[BlackTeam "Hamburger SK"]
[WhiteTeamCountry "GER"]
[BlackTeamCountry "GER"]

1. e4 c5 2. Nc3 Nc6 3. Nge2 e5 4. Nd5 Nge7 5. Nec3 Nxd5 6. Nxd5 d6 7. Bc4 Be6 8. 0-0 Be7 9. d3 0-0 10. c3 Kh8 11. f4 f5 12. exf5 Bxf5 13. Ne3 Bd7 14. f5 Bg5 15. Qh5 Bf4 16. g3 Qg5 17. Qf3 Ne7 18. Be6 Bc6 19. Qe2 h5 20. d4 cxd4 21. cxd4 Bb5 22. Qxb5 Bxe3+ 23. Kg2 Bxc1 24. Raxc1 Nxf5 25. Bxf5 Rxf5 26. Rxf5 Qxf5 27. Qxb7 Rf8 28. dxe5 Qxe5 29. Qb4 Qe2+ 30. Kh3 Rf2 31. Rh1 Qe6+ 32. Kh4 Re2 33. Qb8+ Kh7 0-1

[Event "Bundesliga 9899"]
[Site "Germany"]
[Date "1999.03.20"]
[Round "12.6"]
[White "Watson, William N"]
[Black "Vatter, Hans Joachim"]
[Result "1-0"]
[WhiteElo "2525"]
[BlackElo "2412"]
[PlyCount "85"]
[EventDate "1998.10.17"]
[EventType "team-tourn"]
[EventRounds "15"]
[EventCountry "GER"]
[SourceTitle "GER-chT"]
[Source "ChessBase"]
[SourceDate "1999.07.01"]
[SourceVersion "1"]
[SourceVersionDate "1999.07.01"]
[SourceQuality "1"]
[WhiteTeam "Castrop Rauxel"]
[BlackTeam "Zaehringen"]
[WhiteTeamCountry "GER"]
[BlackTeamCountry "GER"]

1. e4 c5 2. Nf3 e6 3. d4 cxd4 4. Nxd4 a6 5. Nc3 Qc7 6. Bd3 Nf6 7. 0-0 d6 8. f4 Nbd7 9. Nf3 b5 10. Qe1 Bb7 11. Bd2 Be7 12. e5 Nd5 13. Qg3 g6 14. Rae1 dxe5 15. fxe5 Nxc3 16. bxc3 Bxf3 17. Rxf3 0-0 18. Bh6 Rac8 19. h4 Nc5 20. Bxf8 Rxf8 21. h5 Nxd3 22. cxd3 Qxc3 23. Ref1 Qd4+ 24. Kh1 Qh4+ 25. Qxh4 Bxh4 26. hxg6 hxg6 27. Rc1 Bd8 28. Rc8 a5 29. Rb8 b4 30. Rb7 Bg5 31. Ra7 Bd8 32. Ra6 Bc7 33. d4 Rd8 34. Rf4 Rc8 35. Rc6 Kf8 36. Rxe6 Rb8 37. Rc6 Bd8 38. e6 f6 39. d5 a4 40. d6 b3 41. e7+ Bxe7 42. dxe7+ Kxe7 43. Rf1 1-0

[Event "Bundesliga 9899"]
[Site "Germany"]
[Date "1999.02.20"]
[Round "10.5"]
[White "Hansen, Sune Berg"]
[Black "Watson, William N"]
[Result "1-0"]
[WhiteElo "2499"]
[BlackElo "2525"]
[PlyCount "69"]
[EventDate "1998.10.17"]
[EventType "team-tourn"]
[EventRounds "15"]
[EventCountry "GER"]
[SourceTitle "GER-chT"]
[Source "ChessBase"]
[SourceDate "1999.07.01"]
[SourceVersion "1"]
[SourceVersionDate "1999.07.01"]
[SourceQuality "1"]
[WhiteTeam "Hamburger SK"]
[BlackTeam "Castrop Rauxel"]
[WhiteTeamCountry "GER"]
[BlackTeamCountry "GER"]

1. e4 c5 2. Nf3 d6 3. d4 cxd4 4. Nxd4 Nf6 5. Nc3 g6 6. Bc4 Bg7 7. 0-0 0-0 8. Re1 Nc6 9. h3 Bd7 10. Bb3 Nxd4 11. Qxd4 Bc6 12. Qd1 b5 13. Nd5 a5 14. a3 Nd7 15. Bg5 Bxd5 16. Bxd5 Rb8 17. Rb1 b4 18. axb4 axb4 19. Qg4 Re8 20. Qh4 Bf6 21. Bxf6 Nxf6 22. Bb3 Qc7 23. Rbd1 Qc5 24. Rd3 Red8 25. Qf4 Qe5 26. Qd2 Qa5 27. Kh1 Nd7 28. Qf4 Ne5 29. Rg3 Rf8 30. Qh6 Qc5 31. Rf1 Nc6 32. f4 Nd4 33. Rg4 Ne2 34. Kh2 d5 35. Rh4 1-0

[Event "Bundesliga 9798"]
[Site "Germany"]
[Date "1998.02.01"]
[Round "9.4"]
[White "Watson, William N"]
[Black "Babula, Vlastimil"]
[Result "0-1"]
[WhiteElo "2535"]
[BlackElo "2545"]
[PlyCount "102"]
[EventDate "1997.10.18"]
[EventType "team-tourn"]
[EventRounds "15"]
[EventCountry "GER"]
[SourceTitle "GER-chT"]
[Source "ChessBase"]
[SourceDate "1999.07.01"]
[SourceVersion "1"]
[SourceVersionDate "1999.07.01"]
[SourceQuality "1"]
[WhiteTeam "Castrop Rauxel"]
[BlackTeam "Werder Bremen"]
[WhiteTeamCountry "GER"]
[BlackTeamCountry "GER"]

1. e4 c5 2. Nf3 Nc6 3. Bb5 d6 4. 0-0 Bd7 5. c3 Nf6 6. Re1 a6 7. Bf1 Bg4 8. d4 cxd4 9. cxd4 e5 10. d5 Nd4 11. Nbd2 Rc8 12. Bd3 Nd7 13. h3 Nxf3+ 14. Nxf3 Bh5 15. Be3 Be7 16. g4 Bg6 17. Qb3 Rc7 18. Rac1 0-0 19. Rxc7 Qxc7 20. Rc1 Qb8 21. Qc3 Bd8 22. Qb4 Be7 23. Qc4 Bd8 24. Qa4 Nf6 25. Qc2 Nd7 26. Qa4 Nf6 27. Qc2 Nd7 28. a4 Bb6 29. Bxb6 Nxb6 30. a5 Nd7 31. b4 Nf6 32. Qe2 Rc8 33. Rc2 h6 34. Ne1 Rxc2 35. Qxc2 Qd8 36. Ng2 b6 37. b5 axb5 38. a6 Qa8 39. Qc6 Qxa6 40. Qxd6 Qa1+ 41. Bf1 Qd4 42. Ne3 Nxe4 43. Qe7 b4 44. Bc4 b5 45. Bb3 Qb2 46. Bc2 b3 47. Bxe4 Bxe4 48. Qe8+ Kh7 49. Qxf7 Qc1+ 50. Kh2 b2 51. Nf5 Qf4+ 0-1

[Event "Bundesliga 9798"]
[Site "Germany"]
[Date "1998.01.11"]
[Round "7.5"]
[White "Bosch, Jeroen"]
[Black "Watson, William N"]
[Result "1/2-1/2"]
[WhiteElo "2405"]
[BlackElo "2535"]
[PlyCount "54"]
[EventDate "1997.10.18"]
[EventType "team-tourn"]
[EventRounds "15"]
[EventCountry "GER"]
[SourceTitle "GER-chT"]
[Source "ChessBase"]
[SourceDate "1999.07.01"]
[SourceVersion "1"]
[SourceVersionDate "1999.07.01"]
[SourceQuality "1"]
[WhiteTeam "Bochum"]
[BlackTeam "Castrop Rauxel"]
[WhiteTeamCountry "GER"]
[BlackTeamCountry "GER"]

1. e4 c5 2. Nf3 d6 3. d4 Nf6 4. dxc5 Qa5+ 5. Nc3 Nxe4 6. cxd6 Nxc3 7. bxc3 Nc6 8. Bd3 Qxc3+ 9. Bd2 Qa3 10. dxe7 Bxe7 11. 0-0 0-0 12. Qe2 Bf6 13. Qe4 g6 14. Rab1 Rd8 15. Rfe1 Qd6 16. Bf4 Qd5 17. Qa4 Bg4 18. Be4 Qd7 19. Rxb7 Qxb7 20. Bxc6 Bd7 21. Bxb7 Bxa4 22. Bxa8 Rxa8 23. c4 Rc8 24. Be3 Rxc4 25. Bxa7 Rc2 26. Bd4 Bxd4 27. Nxd4 Rxa2 1/2-1/2

[Event "Kilkenny Masters"]
[Site "Kilkenny"]
[Date "1997.11.28"]
[Round "6"]
[White "Ryan, Joseph"]
[Black "Watson, William N"]
[Result "0-1"]
[WhiteElo "2245"]
[BlackElo "2535"]
[PlyCount "62"]
[EventDate "1997.11.28"]
[EventType "swiss"]
[EventRounds "6"]
[EventCountry "IRL"]
[SourceTitle "CBM 061 Extra"]
[Source "ChessBase"]
[SourceDate "1998.03.09"]
[SourceVersion "1"]
[SourceVersionDate "1998.03.09"]
[SourceQuality "1"]

1. e4 d6 2. d4 Nf6 3. Nc3 g6 4. Nf3 Bg7 5. Be3 c6 6. h3 0-0 7. Qd2 Qc7 8. a4 d5 9. e5 Ne4 10. Nxe4 dxe4 11. Ng5 c5 12. c3 Rd8 13. Bc4 e6 14. Qe2 Nc6 15. dxc5 Qxe5 16. h4 h6 17. Nh3 Na5 18. 0-0 Bd7 19. Bd4 Qc7 20. Bxg7 Kxg7 21. b4 Nxc4 22. Qxc4 e5 23. Kh2 Bf5 24. Ng1 Qe7 25. g3 Rd2 26. Rae1 Rad8 27. Re2 g5 28. hxg5 Qxg5 29. a5 Qh5+ 30. Kg2 Rxe2 31. Nxe2 Bh3+ 0-1

[Event "Kilkenny Masters"]
[Site "Kilkenny"]
[Date "1997.11.28"]
[Round "1"]
[White "Watson, William N"]
[Black "Hurley, John"]
[Result "1-0"]
[WhiteElo "2535"]
[BlackElo "2195"]
[PlyCount "41"]
[EventDate "1997.11.28"]
[EventType "swiss"]
[EventRounds "6"]
[EventCountry "IRL"]
[SourceTitle "CBM 061 Extra"]
[Source "ChessBase"]
[SourceDate "1998.03.09"]
[SourceVersion "1"]
[SourceVersionDate "1998.03.09"]
[SourceQuality "1"]

1. e4 e6 2. d4 d5 3. Nc3 Bb4 4. e5 c5 5. Bd2 Bd7 6. dxc5 Bxc5 7. Qg4 g6 8. Nf3 Qb6 9. 0-0-0 Bxf2 10. Bd3 Be3 11. Rhf1 Nh6 12. Qh3 Kf8 13. Ng5 Bxd2+ 14. Rxd2 Kg7 15. Rdf2 Be8 16. Rf4 Qd8 17. Rf6 Nd7 18. Qxe6 Nxf6 19. exf6+ Kg8 20. Qh3 Nf5 21. Rxf5 1-0

[Event "Kilkenny Masters"]
[Site "Kilkenny"]
[Date "1996.??.??"]
[Round "4"]
[White "Baburin, Alexander"]
[Black "Watson, William N"]
[Result "1/2-1/2"]
[WhiteElo "2545"]
[BlackElo "2540"]
[PlyCount "69"]
[EventDate "1996.11.29"]
[EventType "swiss"]
[EventRounds "6"]
[EventCountry "IRL"]
[SourceTitle "CBM 055 Extra"]
[Source "ChessBase"]
[SourceDate "1997.01.01"]
[SourceVersion "1"]
[SourceVersionDate "1997.01.01"]
[SourceQuality "1"]

1. d4 d6 2. g3 e5 3. dxe5 dxe5 4. Qxd8+ Kxd8 5. Bg2 c6 6. f4 exf4 7. Bxf4 Ne7 8. Nc3 Be6 9. 0-0-0+ Nd7 10. Nf3 Ng6 11. Nd4 Nxf4 12. gxf4 g6 13. Nxe6+ fxe6 14. Ne4 Ke7 15. e3 Bg7 16. Rd6 Rhd8 17. Rhd1 Nf8 18. c4 Rxd6 19. Nxd6 Rb8 20. Kc2 Nd7 21. b4 Nb6 22. Rd3 Nc8 23. Ne4 Nb6 24. Kb3 Nd7 25. a3 a5 26. bxa5 b6 27. Kc2 bxa5 28. Rb3 Rb6 29. Rxb6 Nxb6 30. Kb3 a4+ 31. Kb4 Bb2 32. c5 Nd5+ 33. Kxa4 Nxe3 34. Bf3 Kd7 35. Kb3 1/2-1/2

[Event "Bundesliga 9697"]
[Site "Germany"]
[Date "1996.??.??"]
[Round "?.3"]
[White "Watson, William N"]
[Black "Bauer, Christian"]
[Result "0-1"]
[WhiteElo "2540"]
[BlackElo "2465"]
[PlyCount "61"]
[EventDate "1996.10.12"]
[EventType "team-tourn"]
[EventRounds "15"]
[EventCountry "GER"]
[SourceTitle "GER-chT"]
[Source "ChessBase"]
[SourceDate "1999.07.01"]
[SourceVersion "1"]
[SourceVersionDate "1999.07.01"]
[SourceQuality "1"]
[WhiteTeam "Castrop Rauxel"]
[BlackTeam "St Ingbert"]
[WhiteTeamCountry "GER"]
[BlackTeamCountry "GER"]

1. e4 d6 2. d4 Nf6 3. Nc3 Nbd7 4. f4 e5 5. Nf3 exd4 6. Qxd4 c6 7. Be3 d5 8. e5 Ng4 9. Bg1 Nh6 10. 0-0-0 Qa5 11. Kb1 Nb6 12. a3 Bg4 13. Qd2 Bxf3 14. gxf3 Be7 15. Bd3 g6 16. Bd4 c5 17. Bf2 Rd8 18. f5 Nxf5 19. Bxf5 gxf5 20. Qh6 d4 21. e6 Rf8 22. Rhg1 Nc4 23. exf7+ Rxf7 24. Rg8+ Kd7 25. Rxd8+ Qxd8 26. Nd5 Qf8 27. Qh5 Kc6 28. Nf4 Bd6 29. Ne6 Qc8 30. Re1 Qd7 31. Bg3 0-1

[Event "Kilkenny Masters"]
[Site "Kilkenny"]
[Date "1996.??.??"]
[Round "3"]
[White "Watson, William N"]
[Black "Nunn, John DM"]
[Result "1/2-1/2"]
[WhiteElo "2540"]
[BlackElo "2605"]
[PlyCount "70"]
[EventDate "1996.11.29"]
[EventType "swiss"]
[EventRounds "6"]
[EventCountry "IRL"]
[SourceTitle "CBM 055 Extra"]
[Source "ChessBase"]
[SourceDate "1997.01.01"]
[SourceVersion "1"]
[SourceVersionDate "1997.01.01"]
[SourceQuality "1"]

1. e4 c5 2. Nf3 Nc6 3. Bb5 e6 4. 0-0 Nge7 5. Nc3 Nd4 6. Nxd4 cxd4 7. Ne2 a6 8. Ba4 Nc6 9. d3 Bc5 10. c4 Rb8 11. Bf4 d6 12. b4 Bxb4 13. Nxd4 Bd7 14. Nxc6 bxc6 15. d4 0-0 16. c5 e5 17. dxe5 Bc3 18. Rc1 Bxe5 19. Bxe5 dxe5 20. Qd6 Qc8 21. a3 Re8 22. Rb1 Rxb1 23. Rxb1 Re6 24. Qd3 g6 25. Rd1 Be8 26. Qd8 Qb7 27. Qb6 Qe7 28. Bb3 Rf6 29. Rd8 Kg7 30. Ra8 Rf4 31. f3 Qg5 32. Qd8 Rf6 33. Qxe8 Qe3+ 34. Kf1 Qd3+ 35. Ke1 Qe3+ 1/2-1/2

[Event "Bundesliga 9596"]
[Site "Germany"]
[Date "1995.??.??"]
[Round "?.3"]
[White "Watson, William N"]
[Black "Christiansen, Larry Mark"]
[Result "1/2-1/2"]
[WhiteElo "2530"]
[BlackElo "2590"]
[PlyCount "67"]
[EventDate "1995.10.14"]
[EventType "team-tourn"]
[EventRounds "15"]
[EventCountry "GER"]
[SourceTitle "GER-chT"]
[Source "ChessBase"]
[SourceDate "1999.07.01"]
[SourceVersion "1"]
[SourceVersionDate "1999.07.01"]
[SourceQuality "1"]
[WhiteTeam "Castrop Rauxel"]
[BlackTeam "Koeln Porz"]
[WhiteTeamCountry "GER"]
[BlackTeamCountry "GER"]

1. e4 d5 2. exd5 Qxd5 3. Nc3 Qa5 4. d4 Nf6 5. Bc4 c6 6. Bd2 Bf5 7. Nd5 Qd8 8. Nxf6+ exf6 9. Bf4 Bd6 10. Qe2+ Kf8 11. Bxd6+ Qxd6 12. Qd2 b5 13. Bb3 Nd7 14. a4 h5 15. Ne2 h4 16. axb5 cxb5 17. Ra5 a6 18. 0-0 g6 19. Qf4 Qb4 20. Ra3 Kg7 21. Nc3 Qf8 22. Nd5 h3 23. Ne3 Be6 24. Bxe6 fxe6 25. Rfa1 Qb8 26. Qxb8 Nxb8 27. Ra5 Nc6 28. Rxa6 Rxa6 29. Rxa6 Nxd4 30. c3 Ne2+ 31. Kf1 hxg2+ 32. Nxg2 Rxh2 33. Kxe2 Rxg2 34. Rxe6 1/2-1/2

[Event "Bundesliga 9394"]
[Site "Germany"]
[Date "1994.05.09"]
[Round "15.1"]
[White "Watson, William N"]
[Black "Bagirov, Vladimir"]
[Result "1/2-1/2"]
[WhiteElo "2525"]
[BlackElo "2525"]
[PlyCount "37"]
[EventDate "1993.11.06"]
[EventType "team-tourn"]
[EventRounds "15"]
[EventCountry "GER"]
[SourceTitle "GER-chT"]
[Source "ChessBase"]
[SourceDate "1999.07.01"]
[SourceVersion "1"]
[SourceVersionDate "1999.07.01"]
[SourceQuality "1"]
[WhiteTeam "Castrop Rauxel"]
[BlackTeam "Zehlendorf"]
[WhiteTeamCountry "GER"]
[BlackTeamCountry "GER"]

1. e4 Nf6 2. Nc3 d5 3. e5 Nfd7 4. f4 e6 5. Nf3 c5 6. g3 Nc6 7. Bg2 Be7 8. 0-0 Rb8 9. a4 a6 10. d3 b5 11. axb5 axb5 12. g4 b4 13. Ne2 0-0 14. g5 Bb7 15. Ng3 g6 16. Nh1 Nd4 17. Nf2 Nf5 18. Ng4 Qc7 19. Nf6+ 1/2-1/2

[Event "Bundesliga 9394"]
[Site "Germany"]
[Date "1994.03.19"]
[Round "10.1"]
[White "Hertneck, Gerald"]
[Black "Watson, William N"]
[Result "1-0"]
[WhiteElo "2615"]
[BlackElo "2525"]
[PlyCount "80"]
[EventDate "1993.11.06"]
[EventType "team-tourn"]
[EventRounds "15"]
[EventCountry "GER"]
[SourceTitle "GER-chT"]
[Source "ChessBase"]
[SourceDate "1999.07.01"]
[SourceVersion "1"]
[SourceVersionDate "1999.07.01"]
[SourceQuality "1"]
[WhiteTeam "Muenchen 36"]
[BlackTeam "Castrop Rauxel"]
[WhiteTeamCountry "GER"]
[BlackTeamCountry "GER"]

1. d4 Nf6 2. c4 g6 3. Nc3 Bg7 4. e4 d6 5. Nf3 0-0 6. Be2 e5 7. 0-0 Nc6 8. d5 Ne7 9. Nh4 Ne8 10. g3 Bh3 11. Re1 f5 12. exf5 Nxf5 13. Nf3 h6 14. Ne4 Bg4 15. Qd3 Nf6 16. Bd2 Qd7 17. Bc3 Nxe4 18. Qxe4 Bh3 19. Nd2 Nd4 20. Bxd4 Bf5 21. Qf3 exd4 22. Bd3 Bg4 23. Qe4 Bf5 24. Qe2 Rae8 25. Be4 g5 26. Qd3 Bxe4 27. Nxe4 Qf5 28. f3 b5 29. cxb5 Qxd5 30. Nf6+ Bxf6 31. Rxe8 Rxe8 32. Qg6+ Kf8 33. Qxf6+ Qf7 34. Qh8+ Qg8 35. Qxd4 Re2 36. f4 Qe6 37. fxg5 Kg8 38. gxh6 Re1+ 39. Rxe1 Qxe1+ 40. Kg2 Qe2+ 1-0